000 00459nam a2200169Ia 4500
005 20251020182611.0
008 200515s9999 xx 000 0 und d
082 _aSC/656.02(85)/P45
110 _aDirección General de Caminos
245 0 _aItinerario de rutas : Sistema Nacional de Carreteras
260 _aLima
260 _c1982
300 _a324
520 _aContiene un itinerario de rutas a nivel nacional
650 _aCARRETERAS
942 _cLIB
999 _c3339
_d3339